| 000 | 00440pab a2200181 454500 | ||
|---|---|---|---|
| 008 | 180718b2001 xxu||||| |||| 00| 0 eng d | ||
| 100 | _aNarayanan, M.K. | ||
| 245 | _aMessage in the ballot | ||
| 260 | _c2001 | ||
| 300 | _ap.12 | ||
| 362 | _a21 May | ||
| 650 | _aPolitical parties - India | ||
| 650 | _aIndia - Politics and government | ||
| 650 | _aElections - India | ||
| 650 | _aElections | ||
| 773 | _aAsian Age | ||
| 909 | _a49454 | ||
| 999 |
_c49454 _d49454 |
||